| 000 | 00876nam0a22002531 4500 | ||
|---|---|---|---|
| 001 | rc\945229 | ||
| 005 | 20250622052520.0 | ||
| 035 | _a(NLR Aleph) 006117475 | ||
| 090 |
_a5424932 _c5424932 |
||
| 100 | _a20041129d1982 |||y0rusy50 ca | ||
| 101 | 0 | _arus | |
| 102 | _aRU | ||
| 105 | _aa ||||||||| | ||
| 200 | 1 |
_aКарпатский водохозяйственный комплекс _eУчеб. пособие |
|
| 210 |
_aЧерновцы _cЧГУ _d1982 |
||
| 215 |
_a95 с. _cкарт. _d20 |
||
| 300 | _aВ надзаг.: М-во высш. и сред. спец. образования УССР, Черновиц. гос. ун-т | ||
| 320 | _aБиблиогр.: с. 92-94 | ||
| 700 | 1 |
_aМасловская _bЛ.Ц. _gЛюдмила Цезаревна |
|
| 801 | 0 |
_aRU _bNLR _gpsbo |
|
| 801 | 1 |
_aRU _bELAR _2rusmarc |
|
| 852 |
_aNLR _j83-4/31598 |
||
| 942 | _cBOOK | ||
| 980 | _aNB | ||